Statistics for Ice Cube Filmography

Click here to take the quiz!

General Stats

  • This quiz has been taken 22 times
    (6 since last reset)
  • The average score is 5 of 53

Answer Stats

Type Year Name % Correct
Film1995Friday
60%
Screenplay & Production2007Friday: The Animated Series
60%
Film2000Next Friday
40%
Film2005xXx: State of the Union
40%
Film201221 Jump Street
40%
Film2004Torque
40%
Film2002Friday After Next
40%
Film201422 Jump Street
40%
Film2007Are We Done Yet?
20%
Film2005Are We There Yet?
20%
Film1991Boyz n the Hood
20%
Production2015Straight Outta Compton
20%
Film1998The Players Club
20%
Film1997Anaconda
20%
Film2002All About the Benjamins
20%
Film2008The Longshots
0%
Film2014The Book of Life
0%
Film2016Ride Along 2
0%
Film2014Ride Along
0%
Film2016Barbershop: The Next Cut
0%
Video Game2012Doom 3: BFG Edition
0%
Production2014The Rebels
0%
Film2017Fist Fight
0%
Film2011Rampart
0%
Video Game2010Call of Duty: Black Ops
0%
Documentary Mini-Series2017The Defiant Ones
0%
Director201030 for 30
0%
Film2010Lottery Ticket
0%
Film2009Janky Promoters
0%
Film2020The High Note
0%
Film2017xXx: Return of Xander Cage
0%
Production2005Barbershop: The Series
0%
Film2008First Sunday
0%
Film1999Thicker than Water
0%
Film1993CB4
0%
TV Show1994The Sinbad Show
0%
Film1995The Glass Shield
0%
Film1995Higher Learning
0%
Film1997Dangerous Ground
0%
Film1998I Got the Hook-Up
0%
Film1999Three Kings
0%
Film2001Ghosts of Mars
0%
Production2006Black. White.
0%
Film2002Barbershop
0%
TV Show2002The Bernie Mac Show
0%
Documentary2004The N-Word
0%
Film2004Barbershop 2: Back in Business
0%
Production2005Beauty Shop
0%
Production2005Sierra Leone's Refugee All-Stars
0%
Film1992Trespass
0%
TV Special2005WrestleMania 21
0%
FilmTBALast Friday
0%

Score Distribution

Percentile by Number Answered

Percent of People with Each Score

Your Score History

You have not taken this quiz since the last reset